Antropología social y modelos de lenguaje /

Guardado en:
Autor Principal: Ardener, E.
Otros Autores: Milner, G. B.
Formato: Libro
Publicado: Buenos Aires : Paidos, 1976
Materias:
Etiquetas: Agregar Etiqueta
Sin Etiquetas, Sea el primero en etiquetar este registro!
LEADER 00918nam a22002295a 4500
001 CEM.cems000558
005 20060210000000.0
008 130507s1976##################000#0#####d
003 CEMS
082 0 4 |a 572.8 
100 1 |a Ardener, E. 
245 1 0 |a Antropología social y modelos de lenguaje / 
260 |a Buenos Aires :  |b Paidos,  |c 1976 
300 |a 78 p. 
505 0 |a America desde el punto de vista geologico. Antiguedad del hombre en America. El poblamiento de America por Asia. El problema esquimal. Los australianos en America. Los melanesios en America. El elemento blanco y pigmeo en America. Relaciones comerciales entre Polinesia y America. 
653 |a Antropologia 
653 |a Antropologia social 
653 |a Antropologia y lenguaje 
653 |a Antropologia y semiologia 
653 |a Linguistica historica 
700 1 |a Milner, G. B. 
859 |a CEMS  |b BIB. CEMS - 11 de abril  |h 572.8  |i Ar28  |p 14985.88  |t Ej.1